<The> Automobile Road to Technological Change Diffusion of the Automobile as a Progress of Technological Substitution
Guardado en:
| Autor principal: | |
|---|---|
| Formato: | Libro |
| Lenguaje: | inglés |
| Publicado: |
Laxenburg
International Institute for Applied Analysis
1987
|
| Edición: | 1. ed. |
| Etiquetas: |
Sin Etiquetas, Sea el primero en etiquetar este registro!
|
MARC
| LEADER | 00000nam a2200000 4500 | ||
|---|---|---|---|
| 001 | c025882 | ||
| 005 | 20221219115512.4 | ||
| 041 | 0 | |a eng | |
| 044 | |a AT | ||
| 245 | 1 | 0 | |a <The> Automobile Road to Technological Change |b Diffusion of the Automobile as a Progress of Technological Substitution |c Nebojsa Nakicenovic |
| 250 | |a 1. ed. | ||
| 264 | 1 | |a Laxenburg |b International Institute for Applied Analysis |c 1987 | |
| 300 | |a S. 310-340 | ||
| 500 | |a Separát z: Technolgical Forecasting and Social Change, Vol.29 (1986) | ||
| 100 | 1 | |a Nakicenovic, Nebojsa | |